Ils ont joué pour... Olympique de Marseille (Mort subite) - Statistiques

Statistiques générales
  • Ce quiz a été pris 2 015 fois
  • Le résultat moyen est 9 sur 14
Answers on the Grid
Answers color-coded by a green-red scale on the quiz's grid according to % correct below.
Eric Di Meco
Youri Djorkaeff
Jean Boyer
Didier Drogba
Abedi Pelé
Eric Cantona
N’Golo Kanté
Ousmane Dembélé
Mario Zatelli
Chris Waddle
Franz Beckenbauer
Rudi Völler
Roberto Firmino
Michel Platini
Riyad Mahrez
Nicolas Anelka
Patrick Vieira
Grégory Coupet
Edson Arantes do Nascimento dit Pelé
Fabien Barthez
Yoann Gourcuff
Didier Deschamps
Kylian Mbappé
Pascal Olmeta
Basile Boli
Marius Trésor
Jean-Pierre Papin
Dayot Upamecano
 
Statistiques - réponses
Réponse % Correct
Eric Di Meco
89%
Didier Drogba
82%
Abedi Pelé
81%
Chris Waddle
68%
Jean-Pierre Papin
68%
Basile Boli
67%
Didier Deschamps
67%
Eric Cantona
66%
Rudi Völler
66%
Fabien Barthez
65%
Pascal Olmeta
48%
Marius Trésor
46%
Jean Boyer
38%
Mario Zatelli
38%
Aucun quiz correspondant
Distribution des résultats
% des personnes avec chaque résultat
Percentile par nombre de réponses
Votre historique - résultats
Vous n’avez pas pris ce quiz